Normal view
MARC view
- M. Bhattacharyya, S. Pal
Entry Personal Name
001 - CONTROL NUMBER
- control field: 133020
003 - CONTROL NUMBER IDENTIFIER
- control field: NUST
005 - DATE AND TIME OF LATEST TRANSACTION
- control field: 20260202151426.0
008 - FIXED-LENGTH DATA ELEMENTS
- fixed length control field: 260202|| aca||aabn | a|a d
040 ## - CATALOGING SOURCE
- Original cataloging agency: NUST
- Transcribing agency: NUST
100 ## - HEADING--PERSONAL NAME
- Personal name: M. Bhattacharyya, S. Pal
670 ## - SOURCE DATA FOUND
- Source citation: Work cat.: (NUST): M. Bhattacharyya, S. Pal, Fundamentals Of Engineering Drawing, 2011
